000 00325nam a2200145Ia 4500
005 20250320220047.0
008 240331s9999 xx 000 0 und d
082 _bNAD
_a894
100 _aNadarajan,
245 0 _aChilampoli
260 _aJaffna
_bAnaththa Achagam
_c1960
300 _a85 p .,
650 _aPoems
942 _cL
999 _c4062
_d4062